AH International Schools' Libraries

Strategic management in schools and colleges / (Record no. 48933)

MARC details
000 -LEADER
fixed length control field 00431nam a2200133 4500
020 ## - INTERNATIONAL STANDARD BOOK NUMBER
International Standard Book Number 9781853963742
100 ## - MAIN ENTRY--PERSONAL NAME
Personal name Middlewood, David.
9 (RLIN) 86315
245 ## - TITLE STATEMENT
Title Strategic management in schools and colleges /
Statement of responsibility, etc David Middlewood.
260 ## - PUBLICATION, DISTRIBUTION, ETC. (IMPRINT)
Place of publication, distribution, etc London:
Name of publisher, distributor, etc Paul Chapman Publishing Ltd.;
Date of publication, distribution, etc 2004.
300 ## - PHYSICAL DESCRIPTION
Extent 210 p.
Dimensions 23 cm.
650 ## - SUBJECT ADDED ENTRY--TOPICAL TERM
Topical term or geographic name as entry element Education - theory and practice.
9 (RLIN) 86318
700 ## - ADDED ENTRY--PERSONAL NAME
Relator code editor.
Personal name Jacky Lumby.
9 (RLIN) 86319
942 ## - ADDED ENTRY ELEMENTS (KOHA)
Source of classification or shelving scheme
Koha item type Teacher's Resources
Holdings
Withdrawn status Lost status Source of classification or shelving scheme Damaged status Not for loan Collection code Home library Current library Shelving location Date acquired Full call number Barcode Date last seen Price effective from Koha item type
          TEACHERS' RESOURCES Asian Hope Secondary Library Asian Hope Secondary Library SECONDARY 05/15/2025 371.2 MID 208318 05/15/2025 05/15/2025 Teacher's Resources

For any Logos Library related questions please contact Miss Art at swongnarasuk@asianhope.org.

For any Asian Hope Library related questions please contact Miss Raza at graza@asianhope.org.

Powered by Koha